Statistics for Groups of Countries #3

Click here to take the quiz!

General Stats

  • This quiz has been taken 391 times
  • The average score is 30 of 36

Answer Stats

HintAnswer% Correct
Costa Rica
96%
El Salvador
96%
Guatemala
96%
Panama
96%
Alpine CountriesAustria
95%
Benelux CountriesBelgium
95%
Central AmericaBelize
95%
France
95%
Honduras
95%
Luxembourg
95%
Nicaragua
95%
Switzerland
95%
Italy
94%
Netherlands
94%
Germany
93%
Greater China (Includes two non-countries)Taiwan
92%
Greater China (Includes two non-countries)China
90%
Kazakhstan
90%
Liechtenstein
90%
Uzbekistan
89%
Tajikistan
88%
Kyrgyzstan
87%
Commonwealth of Independent States (Hint: Former soviet republics)Armenia
86%
Belarus
85%
Slovenia
83%
Azerbaijan
82%
Greater China (Includes two non-countries)Hong Kong
74%
Moldova
72%
Russia
69%
Monaco
68%
Vietnam
65%
Malaysia
64%
Thailand
63%
Tiger Cub EconomiesIndonesia
62%
Greater China (Includes two non-countries)Macau
60%
Philippines
58%

Score Distribution

Percentile by Number Answered

Percent of People with Each Score

Your Score History

You have not taken this quiz